Historia de los Estados Unidos / (Record no. 18073)

MARC details
000 -LEADER
campo de control de longitud fija 00694nam a2200217 i 4500
001 - NÚMERO DE CONTROL
campo de control 18073
003 - IDENTIFICADOR DE NÚMERO DE CONTROL
campo de control ES-MaACL
005 - FECHA Y HORA DE LA ÚLTIMA TRANSACCIÓN
campo de control 20250831014813.0
007 - CAMPO FIJO DE DESCRIPCIÓN FÍSICA--INFORMACIÓN GENERAL
campo de control de longitud fija t|
008 - DATOS DE LONGITUD FIJA--INFORMACIÓN GENERAL
campo de control de longitud fija 010917s1945 ag ||||1| spa d
080 ## - NÚMERO DE LA CLASIFICACIÓN DECIMAL UNIVERSAL
Número de la Clasificación Decimal Universal 973
100 1# - ENTRADA PRINCIPAL--NOMBRE DE PERSONA
Nombre de persona Adams, James Truslow.
9 (RLIN) 18392
245 10 - MENCIÓN DEL TÍTULO
Título Historia de los Estados Unidos /
Mención de responsabilidad, etc. James Truslow Adams.
260 ## - PUBLICACIÓN, DISTRIBUCIÓN, ETC.
Lugar de publicación, distribución, etc. Buenos Aires :
Nombre del editor, distribuidor, etc. Poseidon,
Fecha de publicación, distribución, etc. [1945]
300 ## - DESCRIPCIÓN FÍSICA
Extensión 2 v. :
Otras características físicas il. ;
Dimensiones 23 cm.
500 ## - NOTA GENERAL
Nota general Biblioteca Juan Andrade.
505 8# - NOTA DE CONTENIDO CON FORMATO
Nota de contenido con formato Contiene: 1. Surgimiento de la Unión -- 2. De la guerra civil a potencia mundial
651 #4 - PUNTO DE ACCESO ADICIONAL DE MATERIA--NOMBRE GEOGRÁFICO
Nombre geográfico Estados Unidos-
Subdivisión general Historia
9 (RLIN) 8540
852 ## - LOCALIZACIÓN
Ubicación ES-MaACL
Número de control de estantería AND-84-5
Sublocalización o colección R.109410
Holdings
Estatus retirado Estado de pérdida Estado de daño No para préstamo Biblioteca de origen Biblioteca actual Ubicación en estantería Fecha de adquisición Fuente de adquisición Total de préstamos Signatura topográfica completa Código de barras Visto por última vez Precio de reemplazo Tipo de ítem Koha
        Biblioteca del Ateneo de Madrid Biblioteca del Ateneo de Madrid Depósito 2 17/01/2008     AND-84-5 1018471 23/02/2023 23/02/2023 Libro impreso